000
00283 a2200109 4500
001
13190
082
_a
621.3815324 THE
090
_c
10193
_d
10193
100
_a
Thede,L.
245
_a
Practical Analog and digital filter design+ CD
260
_a
London
_b
Atech House, Inc.
_c
2005
942
_a
NUST-CAE
_k
621.3815324 THE
999
_c
248263
_d
248263